000 00480nam a2200157Ia 4500
005 20241125081017.0
008 240331s9999 xx 000 0 und d
020 _a0415131936
082 _bMun
_a907
100 _aMunslow, A
245 0 _aDeconstructing History
260 _aLondon
_bRoutledge
_c1997
300 _a226 p .,
500 _aPostmodernism has changed how we study the past, In Deconstructing History, Alum Munslow examine history in the postmodern age.
942 _cL
999 _c3396
_d3396